Top Goalscorers For Bayern Munich Since 2000 - Statistics

General Stats
  • This quiz has been taken 230 times
  • The average score is 17 of 24
Answer Stats
# Goals Years Nat. Answer % Correct
1 344 2014-2022 🇵🇱 Robert Lewandowski
100%
2 250 2008-2025 🇩🇪 Thomas Müller
97%
3 144 2009-2019 🇳🇱 Arjen Robben
96%
5 124 2007-2019 🇫🇷 Franck Ribéry
95%
8 103 2022- 🏴󠁧󠁢󠁥󠁮󠁧󠁿 Harry Kane
89%
10 96 2018- 🇩🇪 Serge Gnabry
83%
16 61 2020-2025 🇩🇪 Leroy Sané
82%
12 72 2015-2025 🇫🇷 Kingsley Coman
81%
22 45 2015- 🇩🇪 Joshua Kimmich
78%
19 48 2012-2014 🇭🇷 Mario Mandžukić
75%
6 113 2009-2013 🇩🇪 Mario Gómez
74%
13 68 2002-2015 🇩🇪 Bastian Schweinsteiger
71%
4 125 2001-'07, 2012-'15 🇵🇪 Claudio Pizarro
71%
14 66 2020- 🇩🇪 Jamal Musiala
70%
18 53 2007-2011 🇩🇪 Miroslav Klose
70%
20 46 2018- 🇩🇪 Leon Goretzka
68%
17 58 2007-2009 🇮🇹 Luca Toni
68%
23 38 2020-2024 🇨🇲 Eric Maxim Choupo-Moting
62%
9 103 2003-2007 🇳🇱 Roy Makaay
53%
11 89 2000-2003 🇧🇷 Giovane Élber
46%
15 62 2002-2006 🇩🇪 Michael Ballack
45%
21 45 2000-2007 🇵🇾 Roque Santa Cruz
32%
24 37 2000-2007 🇧🇦 Hasan Salihamidžić
25%
7 113 2000-2007 🇩🇪 Mehmet Scholl
19%
No matching quizzes found
Score Distribution
Percent of People with Each Score
Percentile by Number Answered
Your Score History
You have not taken this quiz